<?xml version="1.0" encoding="UTF-8"?><?xml-stylesheet type="text/xsl" href="static/style.xsl"?><OAI-PMH xmlns="http://www.openarchives.org/OAI/2.0/" xmlns:xsi="http://www.w3.org/2001/XMLSchema-instance" xsi:schemaLocation="http://www.openarchives.org/OAI/2.0/ http://www.openarchives.org/OAI/2.0/OAI-PMH.xsd"><responseDate>2026-04-14T16:00:01Z</responseDate><request verb="GetRecord" identifier="oai:uvadoc.uva.es:10324/46366" metadataPrefix="marc">https://uvadoc.uva.es/oai/request</request><GetRecord><record><header><identifier>oai:uvadoc.uva.es:10324/46366</identifier><datestamp>2021-06-30T05:31:32Z</datestamp><setSpec>com_10324_38</setSpec><setSpec>col_10324_852</setSpec></header><metadata><record xmlns="http://www.loc.gov/MARC21/slim" xmlns:doc="http://www.lyncode.com/xoai" xmlns:xsi="http://www.w3.org/2001/XMLSchema-instance" xmlns:dcterms="http://purl.org/dc/terms/" xsi:schemaLocation="http://www.loc.gov/MARC21/slim http://www.loc.gov/standards/marcxml/schema/MARC21slim.xsd">
<leader>00925njm 22002777a 4500</leader>
<datafield tag="042" ind1=" " ind2=" ">
<subfield code="a">dc</subfield>
</datafield>
<datafield tag="720" ind1=" " ind2=" ">
<subfield code="a">Hernando Tijero, Carolina</subfield>
<subfield code="e">author</subfield>
</datafield>
<datafield tag="260" ind1=" " ind2=" ">
<subfield code="c">2020</subfield>
</datafield>
<datafield tag="520" ind1=" " ind2=" ">
<subfield code="a">Mi objetivo con la realización de este trabajo es destacar la importancia que &#xd;
tiene la logística y el transporte en nuestra economía, y la unión que tienen entre &#xd;
ellas. Específicamente, me voy a centrar en el transporte de mercancías por &#xd;
carretera, ya que en España es el más importante. &#xd;
No obstante, he analizado todos los tipos de transporte de mercancías que &#xd;
existen en el mundo y en España; ferroviario, aéreo, marítimo y terrestre, con sus &#xd;
ventajas e inconvenientes. Seguidamente, he realizado una comparación de los &#xd;
diferentes tipos de transporte de mercancías en España.</subfield>
</datafield>
<datafield tag="024" ind2=" " ind1="8">
<subfield code="a">http://uvadoc.uva.es/handle/10324/46366</subfield>
</datafield>
<datafield ind1=" " ind2=" " tag="653">
<subfield code="a">Transporte de mercancías-España</subfield>
</datafield>
<datafield ind1=" " ind2=" " tag="653">
<subfield code="a">Transporte por carretera-España</subfield>
</datafield>
<datafield ind1=" " ind2=" " tag="653">
<subfield code="a">Primafrío (Empresa)</subfield>
</datafield>
<datafield tag="245" ind1="0" ind2="0">
<subfield code="a">Análisis de competitividad del transporte de mercancías por carretera de gran tonelaje en España. Ejemplo Transporte Primafrío</subfield>
</datafield>
</record></metadata></record></GetRecord></OAI-PMH>